000 00541nam a2200181Ia 4500
001 9473
005 20260306161721.0
008 260306t2013||||xx |||||||||||||| ||spa||
041 _aESP
082 _a379.156
_bI59D
100 _aInstituto Peruano de Evaluación, Acreditación y Certificación de la Calidad de la Educación Básica
_eAUT
245 0 _aMapas del progreso del aprendizaje:
_bcomunicación: escritura
260 _c2013
300 _a33 páginas :
_c30 cm.
650 _aGEN
654 _aCED
942 _cLIB
_dJUS
_fJUS
_2ddc
_n
999 _c9473
_d9473